01210cam a2200289 a 45000010008000000030010000080050017000180080041000350200015000760350023000910350017001140400022001310410011001530820017001642450094001812460069002752460063003442600112004073000049005195460025005686100056005936100038006496500050006876500079007376500048008167100056008645434414ASDFGHJKL20220326193256.0050706s2004 sp ae 000 0 eng d a8493232548 a(OCoLC)ocm60815193 a(NNC)5434414 aSISPLcSISPLdNNC0 aengspa a727.6bM986m00aMUSAC : the building =bMuseo de Arte Contemporáneo de Castilla y León : el edificio.30aMuseo de Arte Contemporáneo de Castilla y León : el edificio3 aMUSAC : Museo de Arte Contemporáneo de Castilla y León aBarcelona :bMUSAC, Museo de Arte Contemporáneo de Castilla y León :b[distributed by ] Actar,c[2004]. a144 p. :bill. (some col.), plans ;c22 cm. aEnglish and Spanish.20aMuseo de Arte Contemporáneo de Castilla y León.20aMansilla + Tuñón Arquitectos. 0aMuseum architecturexDesign and construction. 0amuseosxarquitectura-museoxMuseo de Arte Contemporaneo de Castilla y Leon 0aArt museum architecturevDesigns and plans.2 aMuseo de Arte Contemporáneo de Castilla y León.